000 00842nam a22002417a 4500
005 20131219113706.0
008 131126b xxu||||| |||| 00| 0 eng d
010 _aPUN-7761
020 _c125.00
_a9789350172995
035 _aPN-6879
037 _bDBAD / PUB
037 _bUnistar Books
040 _adpl
_bpn
082 _a305
100 _aਭੁਪਿੰਦਰ ਕੋਰ ਪ੍ਰੀਤ
245 _aਔਰਤਾਂ ਨੇ ਕਿਹਾ /
_cਭੁਪਿੰਦਰ ਕੋਰ ' ਪ੍ਰੀਤ '
246 _aAurtan ne kiha
_bby Bhupinder Kaur 'Preet'
260 _aChandigarh
_bUnistar Books
_c2010
270 _bChandigarh
_asco-26-27, sector-34 A
_k0172-5077427- 9815471219
_e160022
300 4 _a92p.
_c22ਸੇਂਮੀ (ਸਜਿਲੱਦ)
942 _2ddc
_cPN
_h305
_mਭੁਪਿੰਦ
999 _c81291
_d81291